Personal Finance/ (Record no. 192206)

MARC details
000 -LEADER
fixed length control field 00619nam a22001937a 4500
005 - DATE AND TIME OF LATEST TRANSACTION
control field 20220913161523.0
010 ## - LCCN (DPL NO)
LC control number ENG-135064
020 ## - INTERNATIONAL STANDARD BOOK NUMBER
International Standard Book Number 9789353945930
Terms of availability 815.00
035 ## - SYSTEM CONTROL NUMBER
System control number EN-118596
037 ## - SOURCE OF ACQUISITION
Source of stock number/acquisition DBAD/PUB
082 ## - DEWEY DECIMAL CLASSIFICATION NUMBER
Classification number 332.024
100 ## - MAIN ENTRY--PERSONAL NAME
Personal name Madura, Jeff
245 ## - TITLE STATEMENT
Title Personal Finance/
Statement of responsibility, etc Jeff Madura
250 ## - EDITION STATEMENT
Edition statement Seventh Edition
260 ## - PUBLICATION, DISTRIBUTION, ETC. (IMPRINT)
Place of publication, distribution, etc Uttar Pradesh
Name of publisher, distributor, etc Pearson Indian Education Services Pvt ltd
Date of publication, distribution, etc 2022
270 ## - ADDRESS
Address 15th Floor, Tower-B, World Trade Tower, Plot No. 1, Block-C, Sector 16
City Noida
Postal code 201301
300 ## - PHYSICAL DESCRIPTION
Extent xli, 595p.
Other physical details Index
Dimensions 26cm(pbk)
942 ## - ADDED ENTRY ELEMENTS (KOHA)
Source of classification or shelving scheme Dewey Decimal Classification
Item type English Books
Classification part 332.024
Call number suffix MAD
Holdings
Withdrawn status Lost status Not for loan Collection code Home library Current library Date acquired Source of acquisition Cost, normal purchase price Full call number Barcode Copy number Cost, replacement price Koha item type
      Non-fiction Community Library Lodhi Road Community Library Lodhi Road 13/09/2022 DBAD/PUB 815.00 332.024 MAD EN-118596 1 815.00 English Books
      Non-fiction Vinoba Puri Vinoba Puri 13/09/2022 DBAD/PUB 815.00 332.024 MAD EN-118597 2 815.00 English Books

© Delhi Public Library
Hit Counter
free hit counter